Music Quiz

Random Music or Album Quiz

Girls Aloud – Sound of the Underground Quiz Stats

Quiz not verified by Sporcle

Also try: Original Band Aid
Challenge
Share
Tweet
Embed
Score 0/18 Timer 03:00
0 Plays Today
Song % Correct
Sound of the Underground
100%
No Good Advice
64.3%
Life Got Cold
64.3%
Jump
64.3%
Boogie Down Love
50%
Mars Attack
50%
Forever and a Night
50%
White Lies
50%
Love Bomb
50%
Song % Correct
Everything You Ever Wanted
50%
Some Kind of Miracle
42.9%
Stop
42.9%
Girls Allowed
42.9%
Love/Hate
42.9%
Don't Want You Back
42.9%
You Freak Me Out
42.9%
Girls on Film
42.9%
All I Need (All I Don't)
35.7%

You're not logged in!

Compare scores with friends on all Sporcle quizzes.
Sign Up with Email
OR
Log In

You Might Also Like...

Show Comments

Extras

Top Quizzes Today


Score Distribution

Your Account Isn't Verified!

In order to create a playlist on Sporcle, you need to verify the email address you used during registration. Go to your Sporcle Settings to finish the process.